| 000 | 00652 a2200157 4500 | ||
|---|---|---|---|
| 003 | NUST | ||
| 082 | _a00 | ||
| 100 |
_aMansoor Abbas Lashari _992716 |
||
| 245 |
_aImplementation of WiMAX(802.16e) on DSP kit _cMansoor Abbas Lashari, Muhammad Irfan Ishaq & Muhammad Jamil |
||
| 260 |
_aIslamabad : _bNUST School of Electrical Engineering & Computer Science, _c2009. |
||
| 300 |
_av, 67 p. : _bill. ; _c27 cm + _eCD-ROM |
||
| 500 | _aSupervisors : Mr. Saadat Iqbal, Ms. Khalida Noori, Dr. Rehan Hafiz. | ||
| 700 |
_aMuhammad Irfan Ishaq & Muhammad Jamil _992717 |
||
| 856 | _uhttp://10.250.8.41:8080/xmlui/handle/123456789/6060 | ||
| 942 |
_cPR _kBEE-2 MAN _2ddc |
||
| 999 |
_c10056 _d10056 |
||